000 00514nam a2200205Ia 4500
005 20241216010820.0
008 190212s9999||||xx |||||||||||||| ||und||
082 _a530
_bK61
100 _aKLEIBER Y OTROS
245 0 _aTRATADO DE FISICA
250 _a0
260 _aESPAÑA
_bGUSTAVO GILI S.A.
_c1962
300 _a509 pag
_c21.5 cm
341 _h0
490 _v0
_a0
505 _aMATERIA-MOVIMIENTO/MAQUINAS-SIMPLES-CALOR
541 _aC
_d05-Oct-99
_oSoles
650 _aCIENCIAS PURAS
942 _cLIBRO
999 _c24783
_d24783